[Event "G5-Gruppe 1 2013"]
[Site "Elsinore"]
[Date "2013.03.28"]
[Round "1"]
[White "Knudsen, Joachim"]
[Black "Henningsen, Lasse"]
[Result "1/2-1/2"]
[WhiteElo "1950"]
[BlackElo "1765"]
[PlyCount "47"]
[EventDate "2013.??.??"]
[EventRounds "5"]
[EventCountry "DEN"]

1. d4 d5 2. c4 e6 3. Nc3 Nf6 4. Bg5 Be7 5. Nf3 c6 6. e3 Nbd7 7. Bd3 O-O 8. O-O
dxc4 9. Bxc4 b5 10. Bxf6 Nxf6 11. Bd3 Bb7 12. Rc1 a6 13. Ne4 Nxe4 14. Bxe4 Qb6
15. Ne5 Rfd8 16. Qf3 f6 17. Bxh7+ Kxh7 18. Qh5+ Kg8 19. Qf7+ Kh7 20. f4 c5 21.
Qg6+ Kg8 22. Qf7+ Kh7 23. Qh5+ Kg8 24. Qf7+ 1/2-1/2